00499nam a2200157Ia 4500003000900000008004100009040001600050080002500066245009500091260003300186300001400219650004100233650001700274700002200291700002800313IN-BaIIA211028s9999 xx 000 0 eng d cIIA Library a047.1:535.33bDEV-7A 0aDevelopments in applied spectroscopybvol. 7Acedited by Alfred J. Perkins and E. L. Grove aNew YorkbPlenum Pressc1969 aix, 341p. aAstronomy and Astrophysics Thesaurus aSpectroscopy aGrove, E. L., ed. aPerkins, Alfred J., ed.